000 00635nam a2200229Ia 4500
005 20140526151251.0
008 131103s9999 xx 000 0 und d
020 _a0195686462
_c325.00
040 _aLoreto College
041 _aEnglish
082 _a338.5
_bSEN
100 _aSen,Anindya
245 _aMicroeconomics
_bTheory and applications
_cAnindya Sen
250 _a2nd ed.
260 _aNew Delhi
_bOxford University Press
_c2007
300 _ax,290 p.
_b ill.,fig.;22cm
504 _aIncludes bibliographical references and index
650 _aEconomics
651 _aMicroeconomics
850 _aLCLIB
942 _cBK
999 _c39266
_d89745